000 00713nam a2200205 a 4500
001 BRCA_2820
005 20190320204002.0
008 091208s1962----gw-a---###---#000-0#ger-u
050 4 _aDP43
_b.L34 1962
100 1 _aLafaye, Jacques
_97911
245 1 0 _aSpanien
_bSchönheiten und Schätze, Mit 164 Abbildungen und einer Einfuhrung
_cvon Jacques Lafaye ; text und Bilderlauterungen von Yves Bottineau.
260 _aMunchen
_bDroemer Knaur
_c1962
300 _a275 p.
_bil., 164 láminas
_c23 cm.
500 _aIncluye lista alfabética de las ilustraciones alemanas.
500 _aAA111
651 4 _aEspaña
_xDescripción y viajes
_97912
700 1 _aBottineau, Yves
_92541
902 _aGFM
942 _2lcc
_cB
999 _c2560
_d2560